Sąsiedzi Polski bez samogłosek - Statystyki

Ogólne statystyki
  • Ten quiz został rozwiązany 385 razy
  • Średni wynik to 7 z 7
Statystyki odpowiedzi
Bez Państwo % Poprawnych
Słwcj Słowacja
100%
Błrś Białoruś
99%
Czch Czechy
99%
Ltw Litwa
99%
Nmc Niemcy
99%
Rsj Rosja
97%
Krn Ukraina
93%
Nie znaleziono quizów pasujących do podanych kryteriów
Rozkład punktacji
Procent ludzi z każdym wynikiem
Percentyl według liczby udzielonych odpowiedzi
Twoja historia wyników
Nie rozwiązałeś tego quizu